[Event "North American op 20th"]
[Site "Las Vegas"]
[Date "2010.12.27"]
[Round "2"]
[White "Karklins, Andrew"]
[Black "Ris, Robert"]
[Result "0-1"]
[WhiteElo "2198"]
[BlackElo "2423"]
[PlyCount "88"]
[EventDate "2010.12.26"]
[EventType "swiss"]
[EventRounds "7"]
[EventCountry "USA"]
[SourceTitle "CBM 140 Extra"]
[Source "ChessBase"]
[SourceDate "2011.03.01"]
[SourceVersion "1"]
[SourceVersionDate "2011.03.01"]
[SourceQuality "1"]

1. e4 e5 2. Nf3 Nc6 3. Bc4 Nf6 4. d3 Be7 5. Nc3 d6 6. a3 0-0 7. h3 Be6 8. 0-0 Nd7 9. Nd5 Nb6 10. Bb3 Bxd5 11. exd5 Nd4 12. Ba2 Nxf3+ 13. Qxf3 Bg5 14. Be3 Bxe3 15. fxe3 f5 16. Qg3 Qf6 17. c3 Qh6 18. Rae1 Rf6 19. Rf3 Raf8 20. Ref1 f4 21. exf4 Rxf4 22. Rxf4 Rxf4 23. Rxf4 Qxf4 24. Qxf4 exf4 25. Bb3 g5 26. Kf2 Kg7 27. Kf3 Kf6 28. d4 h5 29. Ke4 Nc8 30. Bd1 Kg6 31. c4 Ne7 32. Bf3 Kh6 33. h4 g4 34. Bxg4 hxg4 35. Kxf4 Kh5 36. g3 Ng6+ 37. Kf5 Nxh4+ 38. Ke6 Kg6 39. Kd7 Nf5 40. Kxc7 Nxg3 41. c5 Nf5 42. Kd7 g3 43. c6 bxc6 44. dxc6 Kf7 0-1

[Event "North American op 19th"]
[Site "Las Vegas"]
[Date "2009.12.27"]
[Round "2"]
[White "Yermolinsky, Alex"]
[Black "Karklins, Andrew"]
[Result "1-0"]
[WhiteElo "2528"]
[BlackElo "2198"]
[PlyCount "95"]
[EventDate "2009.12.26"]
[EventType "swiss"]
[EventRounds "7"]
[EventCountry "USA"]
[SourceTitle "CBM 134 Extra"]
[Source "ChessBase"]
[SourceDate "2010.03.03"]
[SourceVersion "1"]
[SourceVersionDate "2010.03.03"]
[SourceQuality "1"]

1. Nf3 Nf6 2. c4 e6 3. Nc3 Bb4 4. Qc2 c5 5. a3 Ba5 6. e3 Nc6 7. Be2 d6 8. 0-0 e5 9. d4 Bxc3 10. Qxc3 Bg4 11. Re1 0-0 12. dxe5 dxe5 13. h3 Bf5 14. b4 Ne4 15. Qb2 f6 16. Nd2 Rf7 17. b5 Ne7 18. Rd1 Nd6 19. a4 a5 20. Bf3 Qb6 21. Qc3 Be6 22. Ne4 Nec8 23. Ba3 Nxe4 24. Bxe4 Nd6 25. Bd5 Bxd5 26. Rxd5 Rc8 27. Rad1 Ne8 28. e4 g6 29. Qe3 Rfc7 30. f4 exf4 31. Qxf4 Qe6 32. Bb2 b6 33. Rd6 Qxc4 34. Rxf6 Rf7 35. Rxf7 Qxf7 36. Qxf7+ Kxf7 37. Rd7+ Kg8 38. e5 c4 39. Bc3 Nc7 40. Rd6 Re8 41. Bd4 Na8 42. Kf2 Rc8 43. Bc3 Kf7 44. Kf3 Ke7 45. Ke4 Rc5 46. h4 Rc8 47. g4 Rb8 48. Rc6 1-0

[Event "US Open-107"]
[Site "Chicago"]
[Date "2006.08.13"]
[Round "9"]
[White "Benjamin, Joel"]
[Black "Karklins, Andrew"]
[Result "1-0"]
[WhiteElo "2552"]
[BlackElo "2224"]
[PlyCount "59"]
[EventDate "2006.08.05"]
[EventType "swiss"]
[EventRounds "9"]
[EventCountry "USA"]
[SourceTitle "CBM 113 Extra"]
[Source "ChessBase"]
[SourceDate "2006.09.14"]
[SourceVersion "1"]
[SourceVersionDate "2006.09.14"]
[SourceQuality "1"]

1. e4 e5 2. Nf3 Nc6 3. Bc4 Nf6 4. d3 Be7 5. 0-0 d6 6. c3 0-0 7. Re1 Nd7 8. Nbd2 Nb6 9. Bb3 Kh8 10. d4 Bf6 11. Nf1 Bg4 12. d5 Ne7 13. h3 Bd7 14. Ng3 Ng8 15. Be3 g6 16. c4 Qe8 17. c5 Nc8 18. Rc1 Rb8 19. Qd2 Bd8 20. Qb4 f5 21. exf5 a5 22. Qxa5 gxf5 23. Bg5 Bxg5 24. Nxg5 b6 25. cxb6 cxb6 26. Qb4 Nf6 27. Rc7 Qd8 28. Rec1 Nxd5 29. Qh4 Nf6 30. Nh5 1-0

[Event "US Open-107"]
[Site "Chicago"]
[Date "2006.08.11"]
[Round "7"]
[White "Tate, Emory"]
[Black "Karklins, Andrew"]
[Result "1/2-1/2"]
[WhiteElo "2380"]
[BlackElo "2224"]
[PlyCount "110"]
[EventDate "2006.08.05"]
[EventType "swiss"]
[EventRounds "9"]
[EventCountry "USA"]
[SourceTitle "CBM 113 Extra"]
[Source "ChessBase"]
[SourceDate "2006.09.14"]
[SourceVersion "1"]
[SourceVersionDate "2006.09.14"]
[SourceQuality "1"]

1. Nf3 Nf6 2. c4 e6 3. b3 d5 4. g3 dxc4 5. bxc4 b6 6. Bg2 Bb7 7. 0-0 Nbd7 8. d4 Bb4 9. a3 Ba5 10. Ra2 b5 11. Rb2 a6 12. a4 Nb6 13. cxb5 axb5 14. axb5 Nc4 15. Rb3 Bd5 16. Ne5 Bxg2 17. Kxg2 Qd5+ 18. f3 Nxe5 19. dxe5 Qxd1 20. Rxd1 Nd7 21. Ra3 Ke7 22. Ra4 Rhb8 23. Rh4 h6 24. Rg4 Rxb5 25. Ba3+ c5 26. Rxg7 Nxe5 27. Rc1 Kf6 28. Rg4 Nxg4 29. fxg4 Rab8 30. Nc3 Bxc3 31. Rxc3 Rb3 32. Rxb3 Rxb3 33. Bxc5 Kg6 34. Bd6 Rb2 35. Kf3 Ra2 36. Be7 Ra7 37. Bc5 Rd7 38. Be3 Rd5 39. h4 h5 40. gxh5+ Kxh5 41. Bf4 Rb5 42. Bg5 Rb3+ 43. e3 f5 44. Bf4 Rb4 45. Bd6 Ra4 46. Bf4 Kg6 47. Be5 Re4 48. Bf4 e5 49. Bg5 Ra4 50. Bd8 Kh5 51. Bc7 e4+ 52. Kf4 Kg6 53. Be5 Ra3 54. Bd4 Ra5 55. Be5 Ra3 1/2-1/2

[Event "World op 34th"]
[Site "Philadelphia"]
[Date "2006.06.30"]
[Round "3"]
[White "Benjamin, Joel"]
[Black "Karklins, Andrew"]
[Result "1-0"]
[WhiteElo "2565"]
[BlackElo "2223"]
[PlyCount "69"]
[EventDate "2006.06.28"]
[EventType "swiss"]
[EventRounds "9"]
[EventCountry "USA"]
[SourceTitle "CBM 112 Extra"]
[Source "ChessBase"]
[SourceDate "2006.07.14"]
[SourceVersion "1"]
[SourceVersionDate "2006.07.14"]
[SourceQuality "1"]

1. e4 e5 2. Nf3 Nc6 3. Bb5 a6 4. Ba4 Nf6 5. d3 d6 6. c3 g6 7. Bg5 Bg7 8. Nbd2 0-0 9. Nf1 Ne7 10. Ne3 Nh5 11. d4 f6 12. Bb3+ Kh8 13. Bh4 Qe8 14. 0-0 Nf4 15. Bg3 Bd7 16. Qd2 Bh6 17. Rfe1 Nh5 18. Rad1 Bg4 19. Qe2 Bxe3 20. Qxe3 f5 21. exf5 Nxf5 22. Qd3 Bxf3 23. gxf3 Qd8 24. dxe5 Nh4 25. Re3 Nf4 26. Qe4 d5 27. Bxd5 Qg5 28. e6 Rf5 29. Bb3 Kg7 30. Qxb7 Re8 31. Qxc7+ Re7 32. Qxe7+ Qxe7 33. Rd7 Kf6 34. Bxh4+ g5 35. Rxe7 1-0

[Event "Chicago op 15th"]
[Site "Chicago"]
[Date "2006.05.25"]
[Round "1"]
[White "Shabalov, Alexander"]
[Black "Karklins, Andrew"]
[Result "1-0"]
[WhiteElo "2605"]
[BlackElo "2223"]
[PlyCount "101"]
[EventDate "2006.05.25"]
[EventType "swiss"]
[EventRounds "6"]
[EventCountry "USA"]
[SourceTitle "CBM 112 Extra"]
[Source "ChessBase"]
[SourceDate "2006.07.14"]
[SourceVersion "1"]
[SourceVersionDate "2006.07.14"]
[SourceQuality "1"]

1. e4 e5 2. Nf3 Nc6 3. Bb5 a6 4. Ba4 Nf6 5. 0-0 Be7 6. Re1 b5 7. Bb3 d6 8. c3 0-0 9. d4 Bg4 10. Be3 Re8 11. Nbd2 Bf8 12. h3 Bd7 13. Ng5 Re7 14. dxe5 Nxe5 15. f4 Nd3 16. e5 dxe5 17. fxe5 Nxe5 18. Bc5 Be8 19. Bxe7 Qxe7 20. Ndf3 Qc5+ 21. Qd4 Nd3 22. Rxe8 Nxe8 23. Nxf7 Qxd4+ 24. cxd4 Nxb2 25. Bd5 Rb8 26. N3e5 Ba3 27. Nh6+ Kf8 28. Nd7+ Ke7 29. Nxb8 gxh6 30. Re1+ Kd6 31. Bg8 Ng7 32. Re3 Nc4 33. Bxc4 Bb2 34. Bd3 Bxd4 35. Kf2 Ne6 36. Nxa6 c5 37. Bxb5 Nf4 38. Kf3 Bxe3 39. Kxe3 Nxg2+ 40. Ke4 Nh4 41. Nb8 Ng6 42. Nc6 Nf8 43. Nd8 Kc7 44. Nf7 h5 45. Kd5 Kb6 46. Bd3 Nd7 47. Ne5 Nb8 48. h4 h6 49. Be2 Ka5 50. Kxc5 Ka4 51. Kb6 1-0

[Event "Foxwoods op 07th"]
[Site "Mashantucket"]
[Date "2005.03.23"]
[Round "1"]
[White "Karklins, Andrew"]
[Black "Najer, Evgeniy"]
[Result "0-1"]
[WhiteElo "2285"]
[BlackElo "2624"]
[PlyCount "52"]
[EventDate "2005.03.23"]
[EventType "swiss"]
[EventRounds "9"]
[EventCountry "USA"]
[SourceTitle "CBM 105 Extra"]
[Source "ChessBase"]
[SourceDate "2005.05.01"]
[SourceVersion "1"]
[SourceVersionDate "2005.05.01"]
[SourceQuality "1"]

1. e4 c5 2. Nf3 d6 3. d4 cxd4 4. Nxd4 Nf6 5. Nc3 a6 6. Qf3 e6 7. Qg3 b5 8. a3 Bb7 9. f3 Nbd7 10. Bd2 Rc8 11. 0-0-0 Qb6 12. Be1 Be7 13. h4 0-0 14. h5 h6 15. Kb1 Rc5 16. Bd2 Kh8 17. Be3 Qc7 18. Be2 Rxc3 19. bxc3 Nb6 20. c4 Na4 21. Qe1 d5 22. exd5 bxc4 23. Qd2 Nxd5 24. Ka1 Qc5 25. Qc1 Nxe3 26. Qxe3 Bg5 0-1

[Event "Philadelphia National op 35th"]
[Site "Philadelphia"]
[Date "2004.11.28"]
[Round "5"]
[White "Charbonneau, Pascal"]
[Black "Karklins, Andrew"]
[Result "1-0"]
[WhiteElo "2490"]
[BlackElo "2297"]
[PlyCount "66"]
[EventDate "2004.11.26"]
[EventType "swiss"]
[EventRounds "6"]
[EventCountry "USA"]
[SourceTitle "CBM 103 Extra"]
[Source "ChessBase"]
[SourceDate "2005.01.01"]
[SourceVersion "1"]
[SourceVersionDate "2005.01.01"]
[SourceQuality "1"]

1. e4 c5 2. Nf3 e6 3. d4 cxd4 4. Nxd4 a6 5. Bd3 b5 6. 0-0 Bb7 7. a4 b4 8. c3 Nf6 9. e5 Nd5 10. c4 Ne7 11. Nd2 Qc7 12. f4 Ng6 13. Ne4 Nc6 14. Be3 Nxd4 15. Bxd4 Rd8 16. c5 Qc6 17. Qe2 Nh4 18. Bf2 f5 19. exf6 Nf5 20. g4 Nh6 21. fxg7 Rg8 22. Nf6+ Kf7 23. Be4 Rxg7 24. Bxc6 Bxc6 25. g5 Be7 26. Qh5+ Rg6 27. Ng4 Nxg4 28. Qxh7+ Rg7 29. Qh5+ Rg6 30. Qxg4 e5 31. h4 Rdg8 32. Rae1 d6 33. cxd6 Bxd6 1-0

[Event "New York State-ch 126th"]
[Site "New York"]
[Date "2004.09.05"]
[Round "3"]
[White "Nakamura, Hikaru"]
[Black "Karklins, Andrew"]
[Result "1-0"]
[WhiteElo "2601"]
[BlackElo "2298"]
[PlyCount "114"]
[EventDate "2004.09.04"]
[EventType "swiss"]
[EventRounds "6"]
[EventCountry "USA"]
[SourceTitle "CBM 102 Extra"]
[Source "ChessBase"]
[SourceDate "2004.11.03"]
[SourceVersion "1"]
[SourceVersionDate "2004.11.03"]
[SourceQuality "1"]

1. c4 f5 2. g3 Nf6 3. Bg2 e6 4. d4 Be7 5. Nf3 0-0 6. 0-0 Qe8 7. Nc3 Bd8 8. b3 Qh5 9. Qc2 Nc6 10. Bb2 d5 11. e3 a5 12. a3 Ne7 13. Ne5 Ng4 14. Nxg4 fxg4 15. e4 dxc4 16. bxc4 e5 17. d5 Ra6 18. Bc1 Ng6 19. Ne2 Bg5 20. Bxg5 Qxg5 21. Qc1 Qh5 22. Qe3 Raf6 23. Rac1 Nh8 24. Bh1 g5 25. Rc2 Rh6 26. h4 gxh4 27. f4 h3 28. Kh2 Rhf6 29. f5 b6 30. Nc1 Nf7 31. Nd3 Ba6 32. Rb1 Re8 33. Nf2 Kh8 34. c5 Qg5 35. Qxg5 Nxg5 36. Nxg4 Rff8 37. Nf2 bxc5 38. Rxc5 Rb8 39. Rcc1 Rfc8 40. Nxh3 Rxb1 41. Rxb1 Nf7 42. Bf3 h6 43. Nf2 Kg7 44. Rc1 Bb7 45. Nd3 c6 46. d6 Rd8 47. Nc5 Bc8 48. d7 Bxd7 49. Rb1 Bc8 50. Rb6 Ng5 51. Bg2 Rd2 52. Kg1 Rd6 53. Kf2 Kf6 54. Ke3 Ke7 55. Nb3 Kd8 56. Nxa5 Kc7 57. Nc4 Rd1 1-0

[Event "World op 32nd"]
[Site "Philadelphia"]
[Date "2004.07.05"]
[Round "8"]
[White "Karklins, Andrew"]
[Black "Dunne, Alex"]
[Result "0-1"]
[WhiteElo "2298"]
[BlackElo "2198"]
[PlyCount "60"]
[EventDate "2004.07.01"]
[EventType "swiss"]
[EventRounds "9"]
[EventCountry "USA"]
[SourceTitle "CBM 101 Extra"]
[Source "ChessBase"]
[SourceDate "2004.09.01"]
[SourceVersion "2"]
[SourceVersionDate "2004.09.01"]
[SourceQuality "1"]

1. e4 Nc6 2. d4 d5 3. Bb5 dxe4 4. Nc3 Bd7 5. d5 Ne5 6. Bf4 Ng6 7. Bg3 f5 8. Nh3 Nf6 9. Qe2 c6 10. dxc6 bxc6 11. Bc4 e6 12. f3 Bb4 13. 0-0-0 Bxc3 14. bxc3 Qa5 15. Rxd7 Nxd7 16. Bxe6 Qa3+ 17. Kb1 Nc5 18. Bd6 Rb8+ 19. Bxb8 Na4 20. Bf7+ Ke7 21. Bd6+ Kxd6 22. Qd2+ Kc7 23. Qc1 Rb8+ 24. Bb3 Nxc3+ 25. Ka1 Rxb3 26. Qxa3 Rxa3 27. Kb2 Nb5 28. c4 exf3 29. Ng5 fxg2 30. Rg1 Re3 0-1

[Event "World op 32nd"]
[Site "Philadelphia"]
[Date "2004.07.04"]
[Round "6"]
[White "Karklins, Andrew"]
[Black "Mirabile, Tim"]
[Result "1-0"]
[WhiteElo "2334"]
[BlackElo "2219"]
[PlyCount "49"]
[EventDate "2004.07.01"]
[EventType "swiss"]
[EventRounds "9"]
[EventCountry "USA"]
[SourceTitle "CBM 101 Extra"]
[Source "ChessBase"]
[SourceDate "2004.09.01"]
[SourceVersion "2"]
[SourceVersionDate "2004.09.01"]
[SourceQuality "1"]

1. e4 c5 2. Nf3 d6 3. d4 cxd4 4. Nxd4 Nf6 5. Nc3 a6 6. Qf3 e6 7. b3 Qc7 8. Bb2 b5 9. a3 Bb7 10. 0-0-0 Nc6 11. Nxc6 Bxc6 12. Bd3 Be7 13. Qh3 Qb7 14. Rhe1 a5 15. e5 dxe5 16. Rxe5 b4 17. axb4 axb4 18. Nb5 Rd8 19. Nd4 Bd5 20. Rde1 0-0 21. Nf5 exf5 22. Rxe7 Qc6 23. Qxf5 Be6 24. R1xe6 fxe6 25. Rxg7+ 1-0

[Event "Foxwoods op 06th"]
[Site "Connecticut"]
[Date "2004.04.08"]
[Round "2"]
[White "Pomerleano, Daniel"]
[Black "Karklins, Andrew"]
[Result "0-1"]
[WhiteElo "2215"]
[BlackElo "2300"]
[PlyCount "74"]
[EventDate "2004.04.07"]
[EventType "swiss"]
[EventRounds "9"]
[EventCountry "USA"]
[SourceTitle "CBM 099 Extra"]
[Source "ChessBase"]
[SourceDate "2004.05.04"]
[SourceVersion "1"]
[SourceVersionDate "2004.05.04"]
[SourceQuality "1"]

1. e4 e5 2. Nf3 Nc6 3. Bb5 a6 4. Ba4 Nf6 5. 0-0 Be7 6. Qe2 b5 7. Bb3 d6 8. c3 0-0 9. d4 Bb7 10. Rd1 Nd7 11. Nbd2 exd4 12. cxd4 Bf6 13. Nf1 Re8 14. Ng3 g6 15. Bh6 Na5 16. Bc2 c5 17. dxc5 dxc5 18. Qd2 Ne5 19. Qf4 Nxf3+ 20. Qxf3 Qe7 21. Qg4 Rad8 22. f4 Bxb2 23. Rxd8 Rxd8 24. Re1 Bc8 25. Qf3 Rd2 26. Re2 Rxe2 27. Qxe2 Nc6 28. e5 Nd4 29. Qd2 Nxc2 30. Qxc2 Bd4+ 31. Kh1 f6 32. Qe4 Bb7 33. Qe2 fxe5 34. f5 Qh4 35. Qd2 Qg4 36. f6 Kf7 37. Bg5 h5 0-1

[Event "Levy Memorial"]
[Site "Denver"]
[Date "2003.09.20"]
[Round "4"]
[White "Karklins, Andrew"]
[Black "Novikov, Igor A"]
[Result "0-1"]
[WhiteElo "2287"]
[BlackElo "2598"]
[PlyCount "76"]
[EventDate "2003.09.18"]
[EventType "team-tourn"]
[EventRounds "5"]
[EventCountry "USA"]
[SourceTitle "CBM 096 Extra"]
[Source "ChessBase"]
[SourceDate "2003.10.22"]
[SourceVersion "2"]
[SourceVersionDate "2003.10.20"]
[SourceQuality "1"]

1. e4 c5 2. Nf3 d6 3. d4 cxd4 4. Nxd4 Nf6 5. Nc3 a6 6. Qf3 e6 7. b3 Qb6 8. Nde2 Qc7 9. a4 b6 10. Bb2 Bb7 11. 0-0-0 Nbd7 12. Nd4 Rc8 13. Bd3 g6 14. Bc4 Be7 15. Qe2 Nc5 16. Ndb5 Qb8 17. Nxd6+ Bxd6 18. Rxd6 Qxd6 19. e5 Qc7 20. exf6 Bxg2 21. Re1 Qf4+ 22. Kb1 0-0 23. f3 Bh3 24. Nd1 Rfd8 25. Ne3 h5 26. Rg1 Kh7 27. Rg3 Bf5 28. Nxf5 Qxf5 29. Qg2 Rd1+ 30. Ka2 Rcd8 31. Rg5 R1d2 32. Qg3 Qxc2 33. Qe5 Nd7 34. Bd3 Rxd3 35. Rxh5+ Kg8 36. Qxe6 fxe6 37. f7+ Kxf7 38. Rh7+ Ke8 0-1

[Event "World op 31st"]
[Site "Philadelphia"]
[Date "2003.07.05"]
[Round "6"]
[White "Sulskis, Sarunas"]
[Black "Karklins, Andrew"]
[Result "1-0"]
[WhiteElo "2578"]
[BlackElo "2287"]
[PlyCount "51"]
[EventDate "2003.06.30"]
[EventType "swiss"]
[EventRounds "9"]
[EventCountry "USA"]
[SourceTitle "EXT 2004"]
[Source "ChessBase"]
[SourceDate "2003.11.25"]
[SourceVersion "1"]
[SourceVersionDate "2003.11.25"]
[SourceQuality "1"]

1. c4 Nf6 2. d4 e6 3. Nf3 Bb4+ 4. Bd2 a5 5. g3 Ne4 6. Bg2 Nxd2 7. Nfxd2 Nc6 8. d5 Ne5 9. a3 Bc5 10. 0-0 d6 11. Nc3 0-0 12. Qc2 Bd7 13. dxe6 fxe6 14. Bxb7 Rb8 15. Bg2 Qf6 16. Nce4 Qg6 17. Qc3 Ba7 18. c5 Nc6 19. cxd6 cxd6 20. Nxd6 Bd4 21. Qc4 Rxb2 22. Bxc6 Rxd2 23. Bxd7 Kh8 24. Ra2 Rxf2 25. Rxf2 Bxf2+ 26. Kxf2 1-0

[Event "Foxwoods op 05th"]
[Site "Connecticut"]
[Date "2003.04.20"]
[Round "6"]
[White "Fishbein, Alexander"]
[Black "Karklins, Andrew"]
[Result "1-0"]
[WhiteElo "2496"]
[BlackElo "2287"]
[PlyCount "67"]
[EventDate "2003.04.17"]
[EventType "swiss"]
[EventRounds "7"]
[EventCountry "USA"]
[SourceTitle "CBM 093 Extra"]
[Source "ChessBase"]
[SourceDate "2003.05.09"]
[SourceVersion "1"]
[SourceVersionDate "2003.05.09"]
[SourceQuality "1"]

1. Nf3 Nf6 2. c4 d6 3. Nc3 e5 4. d4 Nbd7 5. Bg5 c6 6. e3 Qa5 7. Qd2 g6 8. Bd3 Bg7 9. 0-0 0-0 10. Rad1 Re8 11. Bb1 Qc7 12. Bh4 Nb6 13. b3 Bg4 14. dxe5 dxe5 15. Qd6 Qxd6 16. Rxd6 Nfd7 17. Rd2 Bxf3 18. gxf3 f5 19. Rfd1 e4 20. Rxd7 Nxd7 21. Rxd7 Bxc3 22. fxe4 fxe4 23. Rxb7 a5 24. Be7 Bb4 25. c5 Rab8 26. Rc7 a4 27. Bc2 Ba5 28. Rd7 a3 29. Bxe4 Rxb3 30. Bxc6 Rb1+ 31. Kg2 Bc3 32. Bd5+ Kh8 33. c6 Bb2 34. c7 1-0

[Event "Foxwoods op 05th"]
[Site "Connecticut"]
[Date "2003.04.19"]
[Round "4"]
[White "Strenzwilk, Denis"]
[Black "Karklins, Andrew"]
[Result "0-1"]
[WhiteElo "2139"]
[BlackElo "2287"]
[PlyCount "120"]
[EventDate "2003.04.17"]
[EventType "swiss"]
[EventRounds "7"]
[EventCountry "USA"]
[SourceTitle "CBM 093 Extra"]
[Source "ChessBase"]
[SourceDate "2003.05.09"]
[SourceVersion "1"]
[SourceVersionDate "2003.05.09"]
[SourceQuality "1"]

1. e4 c5 2. Nf3 Nc6 3. d4 cxd4 4. Nxd4 g6 5. Nc3 Bg7 6. Nb3 Nf6 7. Be2 0-0 8. 0-0 d6 9. Kh1 Bd7 10. f4 Rb8 11. Bf3 b5 12. Be3 b4 13. Nd5 Ne8 14. c3 a5 15. cxb4 axb4 16. Bc1 e6 17. Ne3 Ne7 18. a3 Ba4 19. axb4 Rxb4 20. Qe1 Qb8 21. Na5 Bd7 22. Nc2 Rb5 23. Nc4 Rc5 24. N2a3 Qc7 25. Nd2 Qb8 26. Qe3 Nf6 27. Nb3 Rc7 28. Nd4 Rfc8 29. Qe2 Ne8 30. Be3 Rb7 31. Rab1 e5 32. Ndc2 Rxb2 33. fxe5 dxe5 34. Rxb2 Qxb2 35. Nc4 Qc3 36. N2a3 Be6 37. Rc1 Qb4 38. Qb2 Qxb2 39. Nxb2 Rxc1+ 40. Bxc1 Nd6 41. Nd3 Bd7 42. Bb2 f6 43. Kg1 Bc6 44. Nc5 Bh6 45. Kf2 Bd2 46. Nb1 Ba5 47. Ke2 Nec8 48. Nd2 Nb6 49. Ndb3 Bb4 50. Kd1 Na4 51. Nxa4 Bxa4 52. Kc2 Nc4 53. Bc3 Bxc3 54. Kxc3 Bxb3 55. Kxb3 Nd2+ 56. Kb4 Nxf3 57. gxf3 Kf7 58. Kc5 Ke6 59. Kc6 f5 60. Kc5 fxe4 0-1

[Event "Foxwoods op 05th"]
[Site "Connecticut"]
[Date "2003.04.18"]
[Round "2"]
[White "Wheeler, Jerry"]
[Black "Karklins, Andrew"]
[Result "0-1"]
[WhiteElo "2199"]
[BlackElo "2287"]
[PlyCount "70"]
[EventDate "2003.04.17"]
[EventType "swiss"]
[EventRounds "7"]
[EventCountry "USA"]
[SourceTitle "CBM 093 Extra"]
[Source "ChessBase"]
[SourceDate "2003.05.09"]
[SourceVersion "1"]
[SourceVersionDate "2003.05.09"]
[SourceQuality "1"]

1. Nf3 Nf6 2. d4 d6 3. Bf4 Nbd7 4. e3 c6 5. Be2 Qb6 6. Qc1 Nh5 7. Bg5 h6 8. Bh4 g5 9. Bg3 Bg7 10. Nbd2 Qc7 11. Qd1 0-0 12. c3 Ndf6 13. Qc2 Ng4 14. Nf1 f5 15. Qb3+ Kh8 16. h4 f4 17. hxg5 fxg3 18. Rxh5 gxf2+ 19. Kd1 d5 20. Nh4 Qd6 21. Qc2 Kg8 22. Bd3 e5 23. Bh7+ Kf7 24. Nf5 Qe6 25. Nxg7 Kxg7 26. dxe5 Nxe5 27. Bd3 Qe7 28. Ng3 Ng4 29. gxh6+ Kh8 30. e4 Qf7 31. Rf5 Bxf5 32. Nxf5 dxe4 33. Bxe4 Rad8+ 34. Ke2 Qc4+ 35. Kf3 f1Q+ 0-1

[Event "American op 38th"]
[Site "Los Angeles"]
[Date "2002.11.29"]
[Round "3"]
[White "Peckham, Monty"]
[Black "Karklins, Andrew"]
[Result "0-1"]
[WhiteElo "2113"]
[BlackElo "2291"]
[PlyCount "148"]
[EventDate "2002.11.28"]
[EventType "swiss"]
[EventRounds "8"]
[EventCountry "USA"]
[SourceTitle "CBM 091 Extra"]
[Source "ChessBase"]
[SourceDate "2003.01.09"]
[SourceVersion "1"]
[SourceVersionDate "2003.01.09"]
[SourceQuality "1"]

1. e4 c5 2. Nc3 Nc6 3. g3 e6 4. Bg2 Bd6 5. Nf3 Nge7 6. d4 cxd4 7. Nxd4 Bb8 8. Ndb5 d6 9. Bf4 e5 10. Be3 a6 11. Na3 Bc7 12. Nd5 Nxd5 13. Qxd5 Be6 14. Qd2 0-0 15. 0-0 Bb6 16. Rfd1 Bxe3 17. Qxe3 Qc7 18. c3 Rac8 19. Qd2 Rfd8 20. Nc2 Na5 21. Ne3 h6 22. Bf1 b5 23. Nd5 Bxd5 24. Qxd5 Nc4 25. Bxc4 Qxc4 26. Rd2 Qc7 27. Rad1 Qb6 28. Qd3 Rc4 29. Qe2 Qc6 30. Rd5 Rc5 31. Rxc5 Qxc5 32. Rd5 Qb6 33. Qd3 Kf8 34. b3 Ke7 35. c4 bxc4 36. Qxc4 Rd7 37. Qe2 Rc7 38. Rd2 Qc6 39. Qd3 a5 40. Qd5 Qc5 41. Qxc5 Rxc5 42. Rb2 Rc3 43. Kf1 g6 44. Ke2 f5 45. f3 Kd7 46. Rd2 Kc6 47. Rd3 Rc1 48. Rd2 a4 49. bxa4 Rc4 50. Ke3 Rxa4 51. Rc2+ Kd7 52. Rd2 Ra3+ 53. Kf2 Ke6 54. Ke2 h5 55. Kf2 fxe4 56. fxe4 h4 57. Re2 hxg3+ 58. hxg3 g5 59. Rd2 g4 60. Re2 Rf3+ 61. Kg2 Rd3 62. Kf2 Ra3 63. Kg2 d5 64. exd5+ Kxd5 65. Rd2+ Ke4 66. Re2+ Kd4 67. Rb2 e4 68. Rb4+ Kd3 69. Rb2 e3 70. Kf1 Rc3 71. Rb1 Rc2 72. Ra1 Rf2+ 73. Kg1 Rd2 74. Kf1 Kc2 0-1

[Event "American op 38th"]
[Site "Los Angeles"]
[Date "2002.11.28"]
[Round "2"]
[White "Karklins, Andrew"]
[Black "Shulman, Yuri"]
[Result "0-1"]
[WhiteElo "2291"]
[BlackElo "2566"]
[PlyCount "92"]
[EventDate "2002.11.28"]
[EventType "swiss"]
[EventRounds "8"]
[EventCountry "USA"]
[SourceTitle "CBM 091 Extra"]
[Source "ChessBase"]
[SourceDate "2003.01.09"]
[SourceVersion "1"]
[SourceVersionDate "2003.01.09"]
[SourceQuality "1"]

1. e4 e6 2. d4 d5 3. Nc3 Bb4 4. Nge2 Nf6 5. a3 Bxc3+ 6. Nxc3 Nxe4 7. Qg4 0-0 8. Nxe4 f5 9. Qg3 fxe4 10. Bf4 Rf7 11. 0-0-0 Qf6 12. Bxc7 Nc6 13. Rd2 Nxd4 14. Be5 Nf5 15. Qc3 Qh6 16. Kb1 Bd7 17. Rd1 Rc8 18. Qe1 Qg5 19. h4 Qe7 20. Rh3 Nxh4 21. f3 Ng6 22. Bc3 e5 23. Rh5 Qc5 24. fxe4 dxe4 25. Qxe4 Rf4 26. Bc4+ Qxc4 27. Qxc4+ Rfxc4 28. Rxd7 R4c7 29. Rd1 Re8 30. Re1 e4 31. Re3 Rf7 32. Rg5 Re6 33. Kc1 h6 34. Ra5 b6 35. Rd5 Rf1+ 36. Re1 Rxe1+ 37. Bxe1 Nf4 38. Rd8+ Kh7 39. g3 Ng2 40. Bc3 e3 41. Rd7 Rg6 42. Rxa7 Rxg3 43. Be5 Nf4 44. b4 Rg1+ 45. Kb2 e2 46. Bc3 Nd5 0-1